Systém povinnej kontroly požívatín

Zabezpečovanie účinného dozoru v oblasti zdravotne bezchybných požívatín a správnej výživy. Harmonizácia slovenskej legislatívy so smernicami Rady Európskej únie v záležitostiach týkajúcich sa verejného zdravia, ochrany spotrebiteľa, spravodlivosti obchodných transakcií a ochrany životného prostredi...

Ausführliche Beschreibung

Gespeichert in:
Bibliographische Detailangaben
1. Verfasser: Ondrejka, Ján
Format: Buchkapitel
Sprache:Slowakisch
Schlagworte:
Tags: Tag hinzufügen
Keine Tags, Fügen Sie das erste Tag hinzu!

MARC

LEADER 00000naa a2200000 4500
001 r019247
005 20221213101519.1
041 0 |a slo 
044 |a SK 
245 1 0 |a Systém povinnej kontroly požívatín  |c Ján Ondrejka 
520 |a Zabezpečovanie účinného dozoru v oblasti zdravotne bezchybných požívatín a správnej výživy. Harmonizácia slovenskej legislatívy so smernicami Rady Európskej únie v záležitostiach týkajúcich sa verejného zdravia, ochrany spotrebiteľa, spravodlivosti obchodných transakcií a ochrany životného prostredia. Návrh smernice o úradnej kontrole požívatín v SR. Úloha štátneho zdravotného dozoru. Spôsob vykonávania kontroly podľa zákona o potravinách. 
610 2 0 |a potraviny 
610 2 0 |a kontrola 
610 2 0 |a dozor štátny 
610 2 0 |a legislatíva 
610 2 0 |a Slovensko 
610 2 0 |a ochrana spotrebiteľa 
610 2 0 |a smernice 
100 1 |a Ondrejka, Ján